1M+ cities of the world by letter - P - Statistics

General Stats
  • This quiz has been taken 1,466 times
    172 since last reset
  • The average score is 17 of 28
Answer Stats
Country Population City % Correct
France 11.60 mil Paris
100%
Australia 2.47 mil Perth
95%
United States 7.65 mil Philadelphia
95%
Czechia 1.56 mil Prague
95%
North Korea 3.05 mil Pyongyang
95%
Haiti 3.15 mil Port-au-Prince
94%
Portugal 1.66 mil Porto
94%
Panama 1.45 mil Panama City
90%
Cambodia 3.02 mil Phnom Penh
89%
United States 5.05 mil Phoenix
83%
United States 2.47 mil Portland
81%
Brazil 3.95 mil Porto Alegre
77%
India 8.25 mil Pune
77%
United States 2.05 mil Pittsburgh
76%
Mexico 4.37 mil Puebla
73%
Russia 1.07 mil Perm
58%
Nigeria 2.30 mil Port Harcourt
58%
Pakistan 2.17 mil Peshawar
46%
India 3.00 mil Patna
42%
Indonesia 1.81 mil Palembang
39%
Italy 1.06 mil Padua
37%
Rep. of Congo 1.53 mil Pointe-Noire
36%
Indonesia 1.12 mil Pekanbaru
17%
India 1.04 mil Puducherry
17%
China 2.15 mil Pingdingshan
13%
China 1.76 mil Puyang
11%
China 1.05 mil Panjin
5%
India 1.61 mil Prayagraj
5%
No matching quizzes found
Score Distribution
Percent of People with Each Score
Percentile by Number Answered
Your Score History
You have not taken this quiz since the last reset